000
00300nam a2200121Ia 4500
008
190802s9999 xx 000 0 und d
020
_a
978-969-75-33-44-2
100
_a
Muhammad Nasir Khan
245
0
_a
Kam Waqt Ziyada Kamyabi
260
_a
Lahore
_b
Darulshaour
_c
2017
300
_a
320:p
942
_c
BK
999
_c
2528
_d
2528